000 00526nam a2200193Ia 4500
005 20250508161850.0
008 008 250505s9999 xx 000 0 eng d
037 _aTextual
040 _aFEDL
_beng
_cFEDL
041 _aeng
_2eng
084 _a378, ZYS
_qFEDL
100 _aZyskind Harold
245 0 _aVoiceless university
260 _aSan Francisco
_bJosey - Bass Publishers
_c1971
300 _axx,193p.
700 _a Sternfeld Robert
_9771698
942 _cTEXL
_h378, ZYS
999 _c1372812
_d1372812